June : (Record no. 7679)

MARC details
000 -LEADER
fixed length control field 00592nam a22001937a 4500
003 - CONTROL NUMBER IDENTIFIER
control field OSt
005 - DATE AND TIME OF LATEST TRANSACTION
control field 20260122033800.0
008 - FIXED-LENGTH DATA ELEMENTS--GENERAL INFORMATION
fixed length control field 260122b |||||||| |||| 00| 0 eng d
020 ## - INTERNATIONAL STANDARD BOOK NUMBER
International Standard Book Number 0-06-075695-7
040 ## - CATALOGING SOURCE
Original cataloging agency DWC-Main lib
Transcribing agency OC
082 ## - DEWEY DECIMAL CLASSIFICATION NUMBER
Classification number Circ. 226.092 T839j 1998
100 ## - MAIN ENTRY--PERSONAL NAME
Personal name Trotta, Liz
245 ## - TITLE STATEMENT
Title June :
Remainder of title a pilgrimage to the saint of last resort/
Statement of responsibility, etc. Liz Trotta
260 ## - PUBLICATION, DISTRIBUTION, ETC.
Place of publication, distribution, etc. N.Y :
Name of publisher, distributor, etc. Harper Collins ,
Date of publication, distribution, etc. c1998.
300 ## - PHYSICAL DESCRIPTION
Extent x , 270 pages :
Other physical details illustrations ;
Dimensions 20cm.
650 ## - SUBJECT ADDED ENTRY--TOPICAL TERM
Topical term or geographic name entry element 1. Jude, Saint - Cult
650 ## - SUBJECT ADDED ENTRY--TOPICAL TERM
Topical term or geographic name entry element 2. Jude, Saint - Legends
942 ## - ADDED ENTRY ELEMENTS (KOHA)
Source of classification or shelving scheme Dewey Decimal Classification
Koha item type Book Circulation
Call number prefix Circ.
Suppress in OPAC No
952 ## - LOCATION AND ITEM INFORMATION (KOHA)
--
Holdings
Withdrawn status Lost status Source of classification or shelving scheme Damaged status Not for loan Home library Current library Shelving location Date acquired Source of acquisition Total Checkouts Full call number Barcode Date last seen Copy number Price effective from Koha item type Uniform Resource Identifier
    Dewey Decimal Classification     College Library College Library Circulation 02/04/2021 Donation   Circ. 226.092 T839j 1998 CL52641 01/22/2026 c1 01/22/2026 BK-CIRC